[Event "Utrecht"]
[Site "Utrecht"]
[Date "2023.08.19"]
[Round "8"]
[White "Van Kerkhof, David"]
[Black "Abdulla, Murad"]
[Result "1-0"]
[WhiteElo "2352"]
[BlackElo "2309"]
[PlyCount "121"]
[EventDate "2023.07.08"]
[EventType "tourn"]
[EventRounds "9"]
[EventCountry "NED"]
[EventCategory "4"]
[SourceTitle "EXT 2024"]
[Source "ChessBase"]
[SourceDate "2023.10.10"]
[SourceVersion "1"]
[SourceVersionDate "2023.10.10"]
[SourceQuality "1"]

1. Nf3 c5 2. c4 Nc6 3. Nc3 g6 4. e3 Bg7 5. d4 b6 6. d5 Nb8 7. e4 d6 8. h3 Nf6 9. Bf4 0-0 10. Be2 Ne8 11. Qd2 Nd7 12. 0-0 Ne5 13. Ne1 e6 14. Bh2 exd5 15. cxd5 f5 16. f4 Nf7 17. Bf3 Rb8 18. Nd3 fxe4 19. Nxe4 b5 20. Rae1 Nc7 21. Ng5 Nxg5 22. fxg5 Rb6 23. h4 b4 24. Be4 Nb5 25. h5 Bf5 26. Bxf5 gxf5 27. Kh1 Nd4 28. h6 Bh8 29. Re3 Rb7 30. Rfe1 Rbf7 31. Nf4 Qa8 32. Qf2 Be5 33. Rxe5 dxe5 34. Rxe5 Re8 35. Qe3 Rxe5 36. Qxe5 Qd8 37. d6 Qxg5 38. Qxc5 Qf6 39. Nd5 Qxh6 40. Qxd4 Qc1+ 41. Bg1 Qh6+ 42. Bh2 Qc1+ 43. Qg1 Qd2 44. Ne7+ Kf8 45. Qxa7 Qd1+ 46. Qg1 Qd2 47. Nc6 f4 48. Nd4 Rf6 49. d7 Ke7 50. Nf3 Qxd7 51. Qe1+ Kd8 52. Qxb4 Qd1+ 53. Ng1 Qd5 54. Bxf4 Ke8 55. Nf3 Qxa2 56. Qb8+ Kf7 57. Ne5+ Ke7 58. Qc7+ Ke8 59. Qd7+ Kf8 60. Qd8+ Kg7 61. Qe7+ 1-0

[Event "Utrecht"]
[Site "Utrecht"]
[Date "2023.07.09"]
[Round "2"]
[White "Van de Griendt, Jan Willem"]
[Black "Van Kerkhof, David"]
[Result "1-0"]
[WhiteElo "2374"]
[BlackElo "2352"]
[PlyCount "45"]
[EventDate "2023.07.08"]
[EventType "tourn"]
[EventRounds "9"]
[EventCountry "NED"]
[EventCategory "4"]
[SourceTitle "EXT 2024"]
[Source "ChessBase"]
[SourceDate "2023.10.10"]
[SourceVersion "1"]
[SourceVersionDate "2023.10.10"]
[SourceQuality "1"]

1. d4 d5 2. Nf3 c5 3. dxc5 Nf6 4. c4 e6 5. cxd5 Bxc5 6. Nc3 exd5 7. e3 0-0 8. Be2 Nc6 9. 0-0 Re8 10. Na4 Bd6 11. b3 Bg4 12. Bb2 Qe7 13. h3 Be6 14. Rc1 Rad8 15. Nd4 Ne4 16. Bg4 Nxd4 17. Qxd4 f5 18. Bf3 Qg5 19. Rc2 Bf7 20. b4 f4 21. exf4 Bxf4 22. Bc1 Nd2 23. Bxd2 1-0

[Event "NED-chT 2223"]
[Site "Netherlands"]
[Date "2022.12.17"]
[Round "5.3"]
[White "Ikonnikov, Vyacheslav"]
[Black "Van Kerkhof, David"]
[Result "1/2-1/2"]
[WhiteElo "2490"]
[BlackElo "2363"]
[PlyCount "71"]
[EventDate "2022.09.17"]
[EventType "team-tourn"]
[EventRounds "9"]
[EventCountry "NED"]
[SourceTitle "CBM 213 Extra"]
[Source "ChessBase"]
[SourceDate "2023.05.31"]
[SourceVersion "1"]
[SourceVersionDate "2023.05.31"]
[SourceQuality "1"]
[WhiteTeam "Sas van Gent"]
[BlackTeam "Paul Keres"]
[WhiteTeamCountry "NED"]
[BlackTeamCountry "NED"]

1. d4 Nf6 2. Nf3 c5 3. d5 b5 4. Bg5 Ne4 5. Bh4 Bb7 6. e3 g6 7. c3 Qb6 8. Qd3 f5 9. Qxb5 Bxd5 10. Nbd2 Nxd2 11. Kxd2 Bg7 12. Qxb6 axb6 13. a4 h6 14. Bg3 d6 15. Bb5+ Kf7 16. Ke2 Na6 17. Rhd1 Bb3 18. Rdc1 Bd5 19. Rd1 Bb3 20. Rg1 Nc7 21. Nd2 Nxb5 22. Nxb3 Nc7 23. Nd2 Ra6 24. Ra3 b5 25. Rga1 b4 26. Rb3 bxc3 27. bxc3 Rha8 28. Kd3 Rxa4 29. Rxa4 Rxa4 30. Bxd6 exd6 31. Rb7 Ra3 32. Rxc7+ Kg8 33. Rc8+ Kf7 34. Rc7+ Kg8 35. Rc8+ Kf7 36. Rc7+ 1/2-1/2

[Event "Karlsruhe Grenke op"]
[Site "Karlsruhe"]
[Date "2019.04.20"]
[Round "4"]
[White "Van Kerkhof, David"]
[Black "Carre, Sylvain"]
[Result "1/2-1/2"]
[WhiteElo "2389"]
[BlackElo "2224"]
[PlyCount "59"]
[EventDate "2019.04.18"]
[EventType "swiss"]
[EventRounds "9"]
[EventCountry "GER"]
[SourceTitle "CBM 189 Extra"]
[Source "ChessBase"]
[SourceDate "2019.06.03"]
[SourceVersion "1"]
[SourceVersionDate "2019.06.03"]
[SourceQuality "1"]

1. e4 e5 2. Nf3 Nf6 3. Nc3 Nc6 4. d4 exd4 5. Nxd4 Bb4 6. Nxc6 bxc6 7. Bd3 d5 8. exd5 cxd5 9. 0-0 0-0 10. h3 c6 11. Qf3 a5 12. Bf4 Ba6 13. Ne2 Bxd3 14. Qxd3 Bd6 15. b3 Bxf4 16. Nxf4 a4 17. Qd4 Re8 18. Rfe1 axb3 19. Rxe8+ Qxe8 20. cxb3 Qe4 21. Qxe4 Nxe4 22. Rc1 Rxa2 23. Rxc6 h6 24. Nxd5 Nd2 25. Ne3 Nxb3 26. Rc8+ Kh7 27. Rc7 Kg8 28. Rc8+ Kh7 29. Rc7 Kg8 30. Rc8+ 1/2-1/2

[Event "Haarlem Masters"]
[Site "Haarlem"]
[Date "2018.10.27"]
[Round "8"]
[White "Gijswijt, Bart"]
[Black "Van Kerkhof, David"]
[Result "0-1"]
[WhiteElo "2321"]
[BlackElo "2371"]
[PlyCount "86"]
[EventDate "2018.10.20"]
[EventType "tourn"]
[EventRounds "9"]
[EventCountry "NED"]
[EventCategory "4"]
[SourceTitle "CBM 187 Extra"]
[Source "ChessBase"]
[SourceDate "2018.11.04"]
[SourceVersion "1"]
[SourceVersionDate "2018.11.04"]
[SourceQuality "1"]

1. d4 Nf6 2. c4 c5 3. d5 b5 4. Nf3 e6 5. dxe6 fxe6 6. cxb5 d5 7. Nc3 Be7 8. e4 d4 9. e5 Ng4 10. Ne4 Nd7 11. Nfg5 Ndxe5 12. f4 0-0 13. fxe5 Nxe5 14. Qb3 Qd5 15. Qxd5 exd5 16. Ng3 Bg4 17. Be2 Rae8 18. Bxg4 Bxg5 19. Bh5 Bxc1 20. Rxc1 Nd3+ 21. Kd2 Rf2+ 22. Ne2 Nxc1 23. Rxc1 Re5 24. Bf3 c4 25. b3 d3 26. bxc4 dxc4 27. Ke1 Rexe2+ 28. Bxe2 Rxe2+ 29. Kd1 Rxa2 30. Rxc4 Rxg2 31. h4 Rb2 32. Rc5 Kf7 33. Rd5 Ke6 34. Rg5 Kf6 35. Rh5 Kg6 36. Rg5+ Kh6 37. Rd5 Rh2 38. Rd4 Rb2 39. Rd5 Rb4 40. Kd2 Rxh4 41. Kxd3 Ra4 42. Ke3 g5 43. Kf3 Kh5 0-1

[Event "Haarlem Masters"]
[Site "Haarlem"]
[Date "2018.10.26"]
[Round "7"]
[White "Harff, Marcel"]
[Black "Van Kerkhof, David"]
[Result "1-0"]
[WhiteElo "2420"]
[BlackElo "2371"]
[PlyCount "67"]
[EventDate "2018.10.20"]
[EventType "tourn"]
[EventRounds "9"]
[EventCountry "NED"]
[EventCategory "4"]
[SourceTitle "CBM 187 Extra"]
[Source "ChessBase"]
[SourceDate "2018.11.04"]
[SourceVersion "1"]
[SourceVersionDate "2018.11.04"]
[SourceQuality "1"]

1. c4 c5 2. Nf3 g6 3. Nc3 Bg7 4. d4 cxd4 5. Nxd4 Nc6 6. e3 Nf6 7. g3 d5 8. cxd5 Nxd5 9. Bg2 Nxc3 10. bxc3 Na5 11. 0-0 0-0 12. Ba3 Qc7 13. Bb4 Nc4 14. Qe2 Nd6 15. Rab1 a6 16. Bxd6 exd6 17. Qb2 Rb8 18. Qb6 Qxc3 19. Qxd6 Bg4 20. Nc6 Rbe8 21. Rfc1 Be5 22. Rxc3 Bxd6 23. Rxb7 Rc8 24. Bd5 Be6 25. Bxe6 fxe6 26. Rb6 a5 27. Ra6 Rc7 28. Rd3 Bb4 29. a3 Be1 30. f4 Rfc8 31. Rd6 Kf7 32. Kg2 Bc3 33. Kf3 Bg7 34. Nd8+ 1-0

[Event "Haarlem Masters"]
[Site "Haarlem"]
[Date "2018.10.22"]
[Round "3"]
[White "Riemersma, Liafbern"]
[Black "Van Kerkhof, David"]
[Result "0-1"]
[WhiteElo "2460"]
[BlackElo "2371"]
[PlyCount "70"]
[EventDate "2018.10.20"]
[EventType "tourn"]
[EventRounds "9"]
[EventCountry "NED"]
[EventCategory "4"]
[SourceTitle "CBM 187 Extra"]
[Source "ChessBase"]
[SourceDate "2018.11.04"]
[SourceVersion "1"]
[SourceVersionDate "2018.11.04"]
[SourceQuality "1"]

1. Nf3 c5 2. c4 g6 3. Nc3 Bg7 4. g3 Nc6 5. Bg2 e6 6. d3 Nge7 7. Bg5 h6 8. Bd2 d5 9. 0-0 b6 10. Qc1 d4 11. Na4 Qd7 12. a3 Bb7 13. b4 Nd8 14. Nb2 e5 15. Rb1 Bc6 16. bxc5 bxc5 17. Ne1 f5 18. Bxc6 Qxc6 19. Ng2 g5 20. Qc2 0-0 21. Qa4 Qd6 22. Qa5 Ne6 23. Na4 Rfb8 24. Rxb8+ Rxb8 25. Bc1 Nc6 26. Qd2 f4 27. Qc2 Rf8 28. f3 fxg3 29. hxg3 e4 30. fxe4 Qxg3 31. Rxf8+ Bxf8 32. Qb1 Bd6 33. Kf1 Qh2 34. e5 Qh1+ 35. Kf2 Nxe5 0-1

[Event "Karlsruhe Grenke op"]
[Site "Karlsruhe"]
[Date "2018.03.31"]
[Round "5"]
[White "Nasuta, Grzegorz"]
[Black "Van Kerkhof, David"]
[Result "1-0"]
[WhiteElo "2459"]
[BlackElo "2334"]
[PlyCount "153"]
[EventDate "2018.03.29"]
[EventType "swiss"]
[EventRounds "9"]
[EventCountry "GER"]
[SourceTitle "CBM 183 Extra"]
[Source "ChessBase"]
[SourceDate "2018.04.19"]
[SourceVersion "1"]
[SourceVersionDate "2018.04.19"]
[SourceQuality "1"]

1. e4 c5 2. Nf3 g6 3. c3 Bg7 4. d4 cxd4 5. cxd4 d5 6. e5 Bg4 7. Bb5+ Nc6 8. Bxc6+ bxc6 9. Nbd2 e6 10. 0-0 Ne7 11. h3 Bxf3 12. Nxf3 0-0 13. Qa4 Qb6 14. Bg5 f6 15. exf6 Bxf6 16. Rae1 Nf5 17. Bxf6 Rxf6 18. Ne5 Qb5 19. Qxb5 cxb5 20. Ng4 Rff8 21. Rxe6 Nxd4 22. Re7 Nf5 23. Rd7 d4 24. Rc1 Rf7 25. Rcc7 Rxd7 26. Rxd7 h6 27. Nf6+ Kf8 28. Nh7+ Ke8 29. Nf6+ Kf8 30. g4 Nh4 31. Nh7+ Kg8 32. Nf6+ Kf8 33. Kf1 Rc8 34. Nh7+ Kg8 35. Nf6+ Kf8 36. Rxd4 Rc2 37. Rb4 a6 38. Nd5 g5 39. Rb3 Kf7 40. Nb4 Rc1+ 41. Ke2 Ng6 42. Nxa6 Nf4+ 43. Kf3 Ne6 44. Ke3 Re1+ 45. Kd2 Re5 46. Nb4 Nf4 47. Re3 Rc5 48. Nd3 Rd5 49. Kc3 Ne6 50. a3 Rd4 51. Re5 Rc4+ 52. Kd2 Nd4 53. Rxb5 Rc2+ 54. Kd1 Rc7 55. Rb6 Ne6 56. a4 Ra7 57. b3 Nd4 58. Kd2 Nxb3+ 59. Rxb3 Rxa4 60. Rb6 Kg7 61. Ke3 Ra3 62. Ke4 Rc3 63. f4 gxf4 64. Nxf4 Rc4+ 65. Ke5 Rc5+ 66. Ke6 Rc7 67. Rd6 Rc4 68. Rd7+ Kg8 69. Kf5 Rc6 70. Ne6 Ra6 71. Re7 h5 72. Kg6 Ra8 73. Kxh5 Rb8 74. g5 Ra8 75. g6 Rb8 76. Kh6 Ra8 77. Rd7 1-0

[Event "Karlsruhe Grenke op"]
[Site "Karlsruhe"]
[Date "2018.03.31"]
[Round "4"]
[White "Van Kerkhof, David"]
[Black "Schneider, Ilja"]
[Result "1-0"]
[WhiteElo "2334"]
[BlackElo "2513"]
[PlyCount "49"]
[EventDate "2018.03.29"]
[EventType "swiss"]
[EventRounds "9"]
[EventCountry "GER"]
[SourceTitle "CBM 183 Extra"]
[Source "ChessBase"]
[SourceDate "2018.04.19"]
[SourceVersion "1"]
[SourceVersionDate "2018.04.19"]
[SourceQuality "1"]

1. e4 d5 2. d4 Nc6 3. Nc3 e5 4. dxe5 d4 5. Nd5 Nge7 6. Bc4 Be6 7. Nxe7 Qxe7 8. Bxe6 Qxe6 9. f4 f6 10. exf6 Qxe4+ 11. Qe2 Qxe2+ 12. Nxe2 gxf6 13. Bd2 Kf7 14. 0-0-0 Re8 15. Rhe1 Rg8 16. Ng3 Bd6 17. Rxe8 Kxe8 18. Re1+ Kf7 19. Re2 Rg4 20. Rf2 Bc5 21. Nf5 Kg6 22. h3 d3 23. Be3 Bxe3+ 24. Nxe3 Rg3 25. Nf1 1-0

[Event "BL2-Nord 1718"]
[Site "Germany"]
[Date "2018.02.25"]
[Round "7.1"]
[White "Breutigam, Martin"]
[Black "Van Kerkhof, David"]
[Result "0-1"]
[WhiteElo "2383"]
[BlackElo "2335"]
[PlyCount "130"]
[EventDate "2017.10.08"]
[EventType "team-tourn"]
[EventRounds "9"]
[EventCountry "GER"]
[SourceTitle "CBM 183 Extra"]
[Source "ChessBase"]
[SourceDate "2018.04.19"]
[SourceVersion "1"]
[SourceVersionDate "2018.04.19"]
[SourceQuality "1"]
[WhiteTeam "Oldenburg Union"]
[BlackTeam "Kreuzberg"]
[WhiteTeamCountry "GER"]
[BlackTeamCountry "GER"]

1. d4 Nf6 2. Nf3 c5 3. e3 g6 4. c4 Bg7 5. Nc3 0-0 6. Be2 cxd4 7. exd4 d5 8. 0-0 Nc6 9. Re1 Bg4 10. cxd5 Nxd5 11. h3 Bf5 12. a3 Rc8 13. Bf1 Na5 14. Ne4 Nf6 15. Nxf6+ Bxf6 16. Bh6 Re8 17. Bb5 Bd7 18. Bxd7 Qxd7 19. Ne5 Qd5 20. Qa4 Nc6 21. Nxc6 Rxc6 22. Qxa7 Ra6 23. Qc5 Qxc5 24. dxc5 Bxb2 25. Ra2 Bxa3 26. c6 Bd6 27. Rxa6 bxa6 28. Ra1 Ra8 29. Be3 a5 30. Ra4 Ra6 31. Kf1 f6 32. Ke2 Kf7 33. Kd3 Bc7 34. Rc4 Ke6 35. Bc1 Kd5 36. Ba3 Rxc6 37. Rd4+ Ke6 38. Re4+ Be5 39. Ra4 Bc7 40. Re4+ Be5 41. Ra4 Rc3+ 42. Kd2 Rc7 43. f4 Bc3+ 44. Kd3 Kd7 45. g4 f5 46. Bc1 Bb4 47. Bb2 Kc6 48. Kc4 Kb6+ 49. Kd5 Bc3 50. Bxc3 Rxc3 51. gxf5 gxf5 52. Ke6 Rxh3 53. Kxf5 Re3 54. Ra1 e6+ 55. Kg5 Re4 56. Rh1 a4 57. Rh3 Kb5 58. Rxh7 a3 59. Rb7+ Ka6 60. Rb8 Ra4 61. Re8 a2 62. Rxe6+ Kb7 63. Re1 a1Q 64. Rxa1 Rxa1 65. f5 Kc7 0-1

[Event "Utrecht OKU op 44th"]
[Site "Utrecht"]
[Date "2017.06.10"]
[Round "3"]
[White "Van Kerkhof, David"]
[Black "Van 't Hof, Eric"]
[Result "1-0"]
[WhiteElo "2331"]
[BlackElo "2120"]
[PlyCount "87"]
[EventDate "2017.06.09"]
[EventType "swiss"]
[EventRounds "6"]
[EventCountry "NED"]
[SourceTitle "CBM 178 Extra"]
[Source "ChessBase"]
[SourceDate "2017.06.22"]
[SourceVersion "1"]
[SourceVersionDate "2017.06.22"]
[SourceQuality "1"]

1. e4 e5 2. f4 exf4 3. Nf3 Be7 4. Bc4 Nf6 5. e5 Ng4 6. 0-0 d6 7. exd6 Qxd6 8. d4 Be6 9. Bxe6 fxe6 10. Nc3 0-0 11. Qe2 Na6 12. Bd2 Rae8 13. Rae1 Bd8 14. h3 Nh6 15. Ne4 Qb6 16. Qc4 Rf5 17. Nc3 Nf7 18. Nd5 Qd6 19. Nxf4 Rxf4 20. Bxf4 Qxf4 21. Rxe6 Rxe6 22. Qxe6 Qd6 23. Qb3 Qb6 24. Re1 g6 25. Re8+ Kg7 26. Qe3 Bf6 27. c3 Qxb2 28. Ra8 Nd8 29. g4 h6 30. Qe8 Qxc3 31. Kg2 Qc2+ 32. Kg3 Qc6 33. Qe3 b5 34. Rxa7 Qb6 35. Ra8 Qb7 36. Rxd8 Bxd8 37. Qe6 Bf6 38. h4 c6 39. g5 hxg5 40. hxg5 Qe7 41. gxf6+ Qxf6 42. Qd7+ Kh6 43. Ne5 Qg5+ 44. Ng4+ 1-0

[Event "Delft Prinsenstad op 10th"]
[Site "Delft"]
[Date "2017.04.16"]
[Round "5"]
[White "Van Kerkhof, David"]
[Black "Hortensius, Lisa"]
[Result "1-0"]
[WhiteElo "2337"]
[BlackElo "2161"]
[PlyCount "49"]
[EventDate "2017.04.14"]
[EventType "swiss"]
[EventRounds "6"]
[EventCountry "NED"]
[SourceTitle "CBM 177 Extra"]
[Source "ChessBase"]
[SourceDate "2017.04.27"]
[SourceVersion "1"]
[SourceVersionDate "2017.04.27"]
[SourceQuality "1"]

1. e4 c5 2. Nf3 e6 3. d4 cxd4 4. Nxd4 Nc6 5. Nc3 Qc7 6. g3 a6 7. Bg2 Nf6 8. 0-0 Be7 9. Re1 d6 10. Nxc6 bxc6 11. e5 dxe5 12. Rxe5 0-0 13. Bf4 Rd8 14. Rd5 Rxd5 15. Nxd5 Qb7 16. Nxe7+ Qxe7 17. Bxc6 Ra7 18. Qd4 Nd5 19. Rd1 h6 20. Bb8 Rb7 21. Bxb7 Bxb7 22. c4 Nf6 23. Qd8+ Qxd8 24. Rxd8+ Kh7 25. Be5 1-0

[Event "Delft Prinsenstad op 9th"]
[Site "Delft"]
[Date "2016.03.27"]
[Round "6"]
[White "Van Dijk, Harold"]
[Black "Van Kerkhof, David"]
[Result "0-1"]
[WhiteElo "2304"]
[BlackElo "2318"]
[PlyCount "74"]
[EventDate "2016.03.25"]
[EventType "swiss"]
[EventRounds "6"]
[EventCountry "NED"]
[SourceTitle "CBM 171 Extra"]
[Source "ChessBase"]
[SourceDate "2016.04.26"]
[SourceVersion "1"]
[SourceVersionDate "2016.04.26"]
[SourceQuality "1"]

1. e4 e5 2. d4 exd4 3. c3 Qe7 4. cxd4 Qxe4+ 5. Be3 Nf6 6. Nc3 Bb4 7. Qd2 Qe7 8. Bd3 d5 9. Nge2 c6 10. 0-0 0-0 11. Bg5 h6 12. Bh4 Re8 13. Rae1 Be6 14. Ng3 Qd8 15. Bb1 Nbd7 16. Nh5 Be7 17. Qd3 Nf8 18. Nf4 Bg4 19. Qg3 g5 20. f3 gxf4 21. Qxf4 Bh5 22. Bxf6 Bxf6 23. Rxe8 Bxd4+ 24. Qxd4 Qxe8 25. Qh4 Qe3+ 26. Kh1 Bg6 27. f4 Bxb1 28. Nxb1 Re8 29. f5 Re4 30. g4 Qe2 31. Rg1 Qf3+ 32. Rg2 Qf1+ 33. Rg1 Qf3+ 34. Rg2 Re2 35. Qg3 Qe4 36. h3 Qxb1+ 37. Kh2 Qxb2 0-1

[Event "Delft Prinsenstad op 9th"]
[Site "Delft"]
[Date "2016.03.26"]
[Round "2"]
[White "Van Kerkhof, David"]
[Black "Ducarmon, Renzo"]
[Result "1-0"]
[WhiteElo "2318"]
[BlackElo "2091"]
[PlyCount "73"]
[EventDate "2016.03.25"]
[EventType "swiss"]
[EventRounds "6"]
[EventCountry "NED"]
[SourceTitle "CBM 171 Extra"]
[Source "ChessBase"]
[SourceDate "2016.04.26"]
[SourceVersion "1"]
[SourceVersionDate "2016.04.26"]
[SourceQuality "1"]

1. d4 Nf6 2. Nc3 d5 3. e4 Nxe4 4. Nxe4 dxe4 5. Bf4 e6 6. Qd2 c5 7. 0-0-0 Nc6 8. Qe3 Qd5 9. c4 Qf5 10. d5 Nd4 11. Ne2 e5 12. Bg3 h5 13. f3 exf3 14. Nxd4 cxd4 15. Qxe5+ Qxe5 16. Bxe5 Bg4 17. Rxd4 f6 18. Bg3 Bc5 19. Rd3 h4 20. Bf4 g5 21. Be3 fxg2 22. Bxg2 Rc8 23. Bxc5 Rxc5 24. Re1+ Kd7 25. Rd4 h3 26. Bh1 f5 27. b4 Rcc8 28. d6 Rhe8 29. Rxe8 Rxe8 30. Bxb7 Rb8 31. Ba6 Rxb4 32. Bb5+ Kd8 33. Rd5 a6 34. Bxa6 Ra4 35. Bb5 Rxa2 36. c5 Ra5 37. c6 1-0

[Event "EU-Cup 31st"]
[Site "Skopje"]
[Date "2015.10.24"]
[Round "7.3"]
[White "Van Kerkhof, David"]
[Black "Zelbel, Patrick"]
[Result "1/2-1/2"]
[WhiteElo "2319"]
[BlackElo "2434"]
[PlyCount "29"]
[EventDate "2015.10.18"]
[EventType "team-swiss"]
[EventRounds "7"]
[EventCountry "MKD"]
[SourceTitle "CBM 169"]
[Source "ChessBase"]
[SourceDate "2015.11.10"]
[SourceVersion "1"]
[SourceVersionDate "2015.11.10"]
[SourceQuality "1"]
[WhiteTeam "Calder HMC"]
[BlackTeam "Eynatten"]
[WhiteTeamCountry "NED"]
[BlackTeamCountry "BEL"]

1. c4 c5 2. g3 g6 3. Bg2 Bg7 4. Nc3 Nc6 5. Nf3 e6 6. 0-0 Nge7 7. d4 cxd4 8. Nb5 d5 9. cxd5 exd5 10. Bf4 0-0 11. Nc7 Rb8 12. Nb5 Ra8 13. Nc7 Rb8 14. Nb5 Ra8 15. Nc7 1/2-1/2

[Event "EU-Cup 31st"]
[Site "Skopje"]
[Date "2015.10.19"]
[Round "2.3"]
[White "Van Kerkhof, David"]
[Black "Freeman, Gordon"]
[Result "1-0"]
[WhiteElo "2319"]
[BlackElo "2150"]
[PlyCount "81"]
[EventDate "2015.10.18"]
[EventType "team-swiss"]
[EventRounds "7"]
[EventCountry "MKD"]
[SourceTitle "CBM 169"]
[Source "ChessBase"]
[SourceDate "2015.11.10"]
[SourceVersion "1"]
[SourceVersionDate "2015.11.10"]
[SourceQuality "1"]
[WhiteTeam "Calder HMC"]
[BlackTeam "Gonzaga"]
[WhiteTeamCountry "NED"]
[BlackTeamCountry "IRL"]

1. c4 c6 2. g3 d5 3. Nf3 Nf6 4. Bg2 Bg4 5. cxd5 Bxf3 6. Bxf3 cxd5 7. 0-0 e6 8. Nc3 Nc6 9. a3 Be7 10. d3 h5 11. h3 h4 12. g4 0-0 13. d4 Nh7 14. Bg2 f5 15. f4 fxg4 16. hxg4 g5 17. f5 exf5 18. gxf5 Bf6 19. Bxd5+ Kh8 20. e3 Qd6 21. Qg4 Bd8 22. Bg2 Bc7 23. Ne4 Qh2+ 24. Kf2 Rxf5+ 25. Qxf5 Bg3+ 26. Nxg3 Rf8 27. Qxf8+ Nxf8 28. Ne2 h3 29. Rg1 Ng6 30. e4 Nf4 31. Bxf4 gxf4 32. Rad1 hxg2 33. Rxg2 Qh4+ 34. Kg1 f3 35. Rh2 Qxh2+ 36. Kxh2 fxe2 37. Rh1 Nxd4 38. Kg3+ Kg7 39. Kf2 Kf6 40. Rh5 Ne6 41. Rh6+ 1-0

[Event "NED-chT 1516"]
[Site "Netherlands"]
[Date "2015.10.10"]
[Round "2.8"]
[White "Dek, Lennart"]
[Black "Van Kerkhof, David"]
[Result "1/2-1/2"]
[WhiteElo "2230"]
[BlackElo "2319"]
[PlyCount "83"]
[EventDate "2015.09.26"]
[EventType "team-tourn"]
[EventRounds "9"]
[EventCountry "NED"]
[SourceTitle "CBM 168 Extra"]
[Source "ChessBase"]
[SourceDate "2015.10.29"]
[SourceVersion "1"]
[SourceVersionDate "2015.10.29"]
[SourceQuality "1"]
[WhiteTeam "Groningen Combinatie"]
[BlackTeam "Calder HMC"]
[WhiteTeamCountry "NED"]
[BlackTeamCountry "NED"]

1. e4 e5 2. Nf3 Nc6 3. Bc4 Nf6 4. Ng5 d5 5. exd5 Na5 6. Bb5+ Bd7 7. Qe2 Be7 8. Nc3 0-0 9. 0-0 Re8 10. Nf3 Bf8 11. Bxd7 Qxd7 12. Nxe5 Qf5 13. d4 c5 14. Be3 Rad8 15. Qb5 cxd4 16. Bxd4 Rxe5 17. Bxe5 Qxe5 18. Qxa5 Ng4 19. g3 Rd6 20. Qa4 Qh5 21. h4 Ne5 22. Qe4 Rg6 23. Kg2 Rg4 24. f4 Ng6 25. Ne2 Nxh4+ 26. Kf2 Nf5 27. Rh1 Qg6 28. Ke1 h5 29. Rd1 h4 30. d6 Bxd6 31. Rd5 Nxg3 32. Qe8+ Kh7 33. Nxg3 Bxf4 34. Rh5+ Bh6 35. Rxh6+ gxh6 36. Ne2 Re4 37. Qd7 Rxe2+ 38. Kxe2 Qe4+ 39. Kd2 Qxh1 40. Qxf7+ Kh8 41. Qf8+ Kh7 42. Qf7+ 1/2-1/2

[Event "NED CupT"]
[Site "Haren"]
[Date "2015.05.14"]
[Round "1.3"]
[White "Van Kerkhof, David"]
[Black "Wemmers, Xander"]
[Result "1/2-1/2"]
[WhiteElo "2319"]
[BlackElo "2332"]
[PlyCount "153"]
[EventDate "2015.05.14"]
[EventType "team-k.o."]
[EventRounds "2"]
[EventCountry "NED"]
[SourceTitle "CBM 166 Extra"]
[Source "ChessBase"]
[SourceDate "2015.06.18"]
[SourceVersion "1"]
[SourceVersionDate "2015.06.18"]
[SourceQuality "1"]
[WhiteTeam "Calder HMC"]
[BlackTeam "Paul Keres"]
[WhiteTeamCountry "NED"]
[BlackTeamCountry "NED"]

1. e4 e5 2. Nf3 Nc6 3. Be2 Nf6 4. d3 Be7 5. 0-0 0-0 6. Re1 Re8 7. Bf1 h6 8. a3 Bf8 9. b4 a6 10. Bb2 d6 11. Nbd2 g6 12. c4 Bg7 13. Nb3 b6 14. Qc2 Bb7 15. Rad1 a5 16. Bc3 axb4 17. axb4 Qd7 18. Ra1 Rxa1 19. Rxa1 Ra8 20. Rxa8+ Bxa8 21. Qa2 Bb7 22. Ne1 Qc8 23. Nc2 Nd8 24. Ne3 Qa8 25. Qxa8 Bxa8 26. f3 Ne6 27. Kf2 Kf8 28. g3 h5 29. Nc2 Ke8 30. Bh3 Bb7 31. Bd2 Bc6 32. Ke2 Ba4 33. Nba1 Bd7 34. Bg2 h4 35. Be3 hxg3 36. hxg3 Nh5 37. Bf2 Bh6 38. Nb3 Kd8 39. b5 f5 40. Nb4 fxe4 41. dxe4 Neg7 42. Nd5 Ne8 43. Na1 Nef6 44. Nxf6 Nxf6 45. Nc2 Be6 46. Kd3 Nd7 47. Nb4 Bc1 48. Nd5 Ba3 49. Be3 Nc5+ 50. Kc3 Bxd5 51. exd5 Nd7 52. Bg5+ Ke8 53. Bh3 Bc5 54. Be6 Bd4+ 55. Kd2 Bf2 56. g4 Nc5 57. Bc8 e4 58. Ke2 Bd4 59. f4 Nb3 60. f5 gxf5 61. Bxf5 Na5 62. Bxe4 Nxc4 63. Bg6+ Kd7 64. Bf5+ Ke8 65. Bg6+ Kd7 66. Bf5+ Ke8 67. Bg6+ Kd7 68. Bf5+ Ke8 69. Kd3 Ne5+ 70. Kxd4 Nf3+ 71. Ke3 Nxg5 72. Kf4 Nh3+ 73. Kg3 Ng5 74. Kf4 Nh3+ 75. Kg3 Ng5 76. Kf4 Nh3+ 77. Kg3 1/2-1/2

[Event "NED-chT 1415"]
[Site "Netherlands"]
[Date "2015.02.07"]
[Round "5.10"]
[White "Rietveld, Renze"]
[Black "Van Kerkhof, David"]
[Result "0-1"]
[WhiteElo "2223"]
[BlackElo "2327"]
[PlyCount "50"]
[EventDate "2014.09.27"]
[EventType "team-tourn"]
[EventRounds "9"]
[EventCountry "NED"]
[SourceTitle "EXT 2016"]
[Source "ChessBase"]
[SourceDate "2015.10.08"]
[SourceVersion "1"]
[SourceVersionDate "2015.10.08"]
[SourceQuality "1"]
[WhiteTeam "SISSA"]
[BlackTeam "Calder HMC"]
[WhiteTeamCountry "NED"]
[BlackTeamCountry "NED"]

1. e4 e5 2. Nf3 Nc6 3. Bb5 f5 4. d3 fxe4 5. dxe4 Nf6 6. Bxc6 bxc6 7. Nxe5 Qe7 8. Nd3 Qxe4+ 9. Qe2 Qxe2+ 10. Kxe2 Ba6 11. f3 0-0-0 12. Kd1 Nd5 13. Bd2 g6 14. Nc3 Bg7 15. Nxd5 cxd5 16. Rb1 Rde8 17. h4 d6 18. h5 Kd7 19. Rh4 Bf6 20. Rh3 g5 21. h6 Rhg8 22. Rh5 Re6 23. b3 Rge8 24. Nc1 Bf1 25. Bxg5 Bc3 0-1

[Event "EU-Cup 30th"]
[Site "Bilbao"]
[Date "2014.09.14"]
[Round "1.6"]
[White "Van Kerkhof, David"]
[Black "Hracek, Zbynek"]
[Result "0-1"]
[WhiteElo "2327"]
[BlackElo "2638"]
[PlyCount "108"]
[EventDate "2014.09.14"]
[EventType "team-swiss"]
[EventRounds "7"]
[EventCountry "ESP"]
[SourceTitle "CBM 163"]
[Source "ChessBase"]
[SourceDate "2014.11.11"]
[SourceVersion "1"]
[SourceVersionDate "2014.11.11"]
[SourceQuality "1"]
[WhiteTeam "Calder HMC"]
[BlackTeam "Novy Bor"]
[WhiteTeamCountry "NED"]
[BlackTeamCountry "CZE"]

1. e4 e5 2. Nf3 Nc6 3. Bc4 Bc5 4. b4 Bxb4 5. c3 Be7 6. d4 Na5 7. Be2 d6 8. Qa4+ c6 9. dxe5 dxe5 10. Nxe5 Nf6 11. 0-0 Qc7 12. f4 0-0 13. Nd2 b6 14. Bb2 Bb7 15. Qc2 Rad8 16. Bd3 Bc5+ 17. Kh1 Be3 18. Rae1 Bxd2 19. Qxd2 Nd7 20. Qe2 Nxe5 21. fxe5 Bc8 22. c4 c5 23. Rf4 Nc6 24. Rh4 Qe7 25. Qh5 h6 26. e6 Qxe6 27. Re3 f6 28. Rg3 Rxd3 29. Rxd3 Qxc4 30. Qd5+ Qxd5 31. exd5 Nb4 32. Rd2 Rd8 33. d6 Be6 34. Re4 Kf7 35. a3 Nd5 36. Kg1 Rxd6 37. Re1 Rc6 38. Kf2 c4 39. Bd4 a6 40. a4 b5 41. axb5 axb5 42. Ra2 c3 43. Ra7+ Kg6 44. Ra5 Nf4 45. Re3 c2 46. Rg3+ Kh7 47. Bb2 c1Q 48. Bxc1 Rxc1 49. Rxb5 Rc2+ 50. Ke3 g5 51. h4 Kg6 52. hxg5 hxg5 53. Ra5 Nxg2+ 54. Kd3 Rb2 0-1